000 00477nam a2200193Ia 4500
005 20240823005549.0
008 240823s9999||||xx |||||||||||||| ||und||
041 _aENGLISH
082 _A658.562 N6
100 _aGopal K Kanji
245 0 _a100 Methods for Total Quality Manangement
250 _a1st
260 _c1996
_b"Response,New "
500 _aTRANSFERED
650 _aManagement
_bManagement Studies
700 _a Mike Asher
942 _cBK
999 _c156077
_d156077